| LDR | | 02732cmm u2200481 i 4500 |
| 001 | | 000000339915 |
| 003 | | EBZ |
| 005 | | 20260127110621 |
| 006 | | m d |
| 007 | | cr |n||||||||| |
| 008 | | 231005t20232023nyuab ob 001 0deng d |
| 020 | |
▼a 9781438495040
▼q (electronic bk.) |
| 020 | |
▼a 1438495048
▼q (electronic bk.) |
| 020 | |
▼z 9781438495026 |
| 020 | |
▼z 1438495021 |
| 020 | |
▼z 9781438495033 |
| 037 | |
▼a 22573/cats18212135
▼b JSTOR |
| 040 | |
▼a EBZ
▼b eng
▼c EBZ
▼d 248032 |
| 049 | |
▼a MAIN |
| 050 | 4 |
▼a PT2359.H2
▼b Z74 2023 |
| 082 | 04 |
▼a 831.6
▼2 23/eng/20231017 |
| 100 | 1 |
▼a Krell, David Farrell,
▼e author. |
| 245 | 10 |
▼a Struck by Apollo :
▼b Ho?lderlin's journeys to Bordeaux and back and beyond /
▼c David Farrell Krell. |
| 260 | |
▼a Albany, NY :
▼b State University of New York Press,
▼c 2023. |
| 300 | |
▼a 1 online resource (xiii, 235 pages) :
▼b illustrations, maps. |
| 336 | |
▼a text
▼b txt
▼2 rdacontent |
| 337 | |
▼a computer
▼b c
▼2 rdamedia |
| 338 | |
▼a online resource
▼b cr
▼2 rdacarrier |
| 341 | 0 |
▼a textual
▼2 sapdv
▼3 EBSCOhost |
| 490 | 1 |
▼a SUNY series, insinuations: philosophy, psychoanalysis, literature |
| 505 | 0 |
▼a Preface -- Prologue: Who is this Ho?lderlin? -- 1. The achievement -- 2. The journey to Bordeaux -- 3. "Its floor is the sea" -- 4. The journey back -- 5. Heroic tenderness in the Louvre -- 6. Beyond Bordeaux and back -- Epilogue: Viva la joia! -- List of illustrations -- Index. |
| 520 | |
▼a Retraces Ho?lderlin's journeys to Bordeaux and back in 1801-02, explaining why they are turning points in the great poet's life. |
| 532 | 0 |
▼3 EBSCOhost
▼a "EBSCO evaluates our products based on the Web Content Accessibility Guidelines (WCAG) and the related Section 508 and EN 301 549 regulations in the US and EU. Most EBSCO products are substantially conformant with WCAG 2.2 level AA." Source: https://connect.ebsco.com/s/article/EBSCO-VPATs?language=en_US. Last accessed April 22, 2025. |
| 588 | |
▼a Decription based on online resource; title from PDF title page (ProQuest Ebook Central, viewed February 15, 2024). |
| 590 | |
▼a Added to collection customer.56279.3 |
| 600 | 10 |
▼a Ho?lderlin, Friedrich,
▼d 1770-1843
▼x Travel. |
| 650 | 0 |
▼a Poets, German
▼y 19th century
▼v Biography. |
| 650 | 7 |
▼a LITERARY CRITICISM / European / German.
▼2 bisacsh |
| 776 | 08 |
▼i Print version:
▼a Krell, David Farrell.
▼t Struck by Apollo.
▼d Albany, NY : State University of New York Press, [2023]
▼z 9781438495026
▼w (DLC) 2022062174 |
| 830 | 0 |
▼a SUNY series, insinuations. |
| 856 | 40 |
▼3 EBSCOhost
▼u https://search.ebscohost.com/login.aspx?direct=true&scope=site&db=nlebk&db=nlabk&AN=3588533 |
| 938 | |
▼b OCKB
▼z pqebk.catalogdda,a87ff615-d949-42b4-9542-89f58bde05a3-emi |
| 938 | |
▼a EBSCOhost
▼b EBSC
▼n 3588533 |
| 990 | |
▼a 관리자 |